Antropología integral /

Guardado en:
Autor Principal: Cencillo, Luis
Formato: Libro
Publicado: Buenos Aires : Docencia, 1998
Materias:
Etiquetas: Agregar Etiqueta
Sin Etiquetas, Sea el primero en etiquetar este registro!
LEADER 01291nam a22002895a 4500
001 CEM.cems012220
005 20060901184643.0
008 130507s1998##################000#0#####d
003 CEMS
020 |a 9875060151 
082 0 4 |a 572.7 
100 1 |a Cencillo, Luis 
245 1 0 |a Antropología integral /  |c Luis Cencillo 
260 |a Buenos Aires :  |b  Docencia,  |c 1998 
300 |a 435 p. 
505 0 |a Condiciones del conocimiento científico -- Las ciencias del hombre -- Determinación de lo impíricamente observablee por Antropología -- Posible modelo positivador del material antropológico -- La especie humana -- Perfiles diferenciales de la especie humana -- Componentes fenotípicos de la naturaleza humana -- La expresividad -- Capacidad de comunicación verbal -- La cultura -- Sociedad y personalidad -- Dimensión social del hombre -- La personalidad y sus vicisitudes -- Fenómeno antropológico de las religiones y las éticas 
653 |a Antropología 
653 |a Conocimiento científico 
653 |a Especie humana 
653 |a Comunicación 
653 |a Cultura 
653 |a Sociedad-tipos 
653 |a Sociedad y estado 
653 |a Persoanlidad 
653 |a Religiones 
653 |a Etica 
859 |a CEMS  |b BIB. CEMS - 11 de abril  |h 572.7  |i C332  |p 23154.05  |t Ej.1